00363nam a2200121Ia 4500008004100000041001200041082001900053100005600072245003500128260004700163300001100210650002000221231217s9999 xx 000 0 und d aEnglish a001.64 AHO R aAho, Alfred V. Hopcroft, John E. Ullman, Jeffrey D. 0aData structures and algorithms c1983bPearson Education (Singapore)aDELHI axi+427 aData structures